00522nam a2200121 a 4500008004100000050001900041100001900060245010200079246010500181260009200286350000900378650001300387081126s2007 ||||||||||||||||| || u aTHESIS/STUDENT aKamaji, George10aBuild-Operate and transfer bot schemes: an alternative project financing option for adequate..... aa study of three enterprises under a national planned developing economy, INDECO, RDC, and ZCCM of Z aKitwebCopperbelt University, School of Built Environment, Department of Buildingc2007 a0.00 aBUILDING